000 00485nam a2200181Ia 4500
001 20919
005 20260306172841.0
008 260306t2022||||xx |||||||||||||| ||spa||
041 _aESP
082 _a343.8
_bV19
100 _aValdiviezo Rosado, José
_eAUT
245 0 _aFormalidades de libros electrónicos 2022:
_binconsistencia y corrección de errores
260 _c2022
300 _a126 páginas :
_c24 cm.
650 _aGEN
654 _aCCO
942 _cLIB
_dJUS
_fJUS
_2ddc
_n
999 _c20919
_d20919